000
00272nam a2200109Ia 4500
001
1275988
005
20260417160438.0
008
260417s9999 xx 000 0 und d
020
_a
9786256792982
245
0
_a
Evimden Uzakta
_c
Constantin Satüpo
260
_b
Ketebe Çocuk
999
_c
1275988
_d
1275988